000 01314nam a2200325 i 4500
003 DO-SdBNP
005 20231025140839.0
007 ta
008 110413s2022 dr ao 000 j spa d
020 _a9789945623048
040 _aDO-SdBNP
_bspa
_cBNPHU
_erda
082 _bN182
_222
100 1 _aNanita Kennett, Milagros
_984528
245 1 0 _aFragilidad, resiliencia, desarrollo e inversión (FREDI) :
_binvestigación del a zona fronteriza de República Dominicana /
_cMilagros Nanita Kennett, Alizamel Hernández Montilla
264 1 _aSanto Domingo :
_bDirección de Investigación e Innovación,
_bINESDYC,
_c2022.
300 _a28 (34) páginas
_c28 cm.
_bIlustraciones, fotografías
336 _2rdacontent
_atexto
_btxt
337 _2rdamedia
_asin mediación
_bn
338 _2rdacarrier
_avolumen
_bnc
500 _aIncluye anexos.
504 _aBibliografía p: 29
590 _aInventariado, 2023/ YL
700 1 _aHernández Montilla, Alizamel
_eautora
_984529
710 1 _aInstituto de Educación Superior en Formación Diplomática y Consular (INESDYC)
_984530
710 1 _aMinisterio de Relaciones Exteriores (MIREX)
_984531
710 1 _aInstituto Superior para la Defensa (INSUDE)
_984532
710 1 _aMinisterio de Defensa (MIDE)
_984533
910 _aYLockward
942 _2ddc
_cLBS1
999 _c55282
_d55282